[Event "4NCL Division 2b"]
[Site "Daventry, ENG"]
[Date "2020.02.09"]
[Round "6.72"]
[White "Jayawarna, Nugith"]
[Black "Hand, Freddie"]
[Result "1/2-1/2"]
[WhiteElo "2192"]
[BlackElo "2184"]
[PlyCount "49"]
[EventDate "2020.02.09"]
[WhiteTeam "Manchester Manticores 1"]
[BlackTeam "KJCA Kings"]

1. c4 e5 2. g3 Nf6 3. Bg2 c6 4. d4 e4 5. Nc3 d5 6. Bg5 Nbd7 7. cxd5 cxd5 8. Nh3
Bb4 9. Qb3 Bxc3+ 10. Qxc3 O-O 11. O-O h6 12. Bxf6 Nxf6 13. e3 Bg4 14. Qd2 Rc8
15. Rac1 Qd7 16. Nf4 Qa4 17. b3 Qa3 18. Bh3 Bxh3 19. Nxh3 Qd6 20. Nf4 Qd7 21.
Kg2 Rxc1 22. Rxc1 g5 23. Ne2 Rc8 24. Rxc8+ Qxc8 25. h3 1/2-1/2

[Event "4NCL Division 2b"]
[Site "Daventry, ENG"]
[Date "2020.02.09"]
[Round "6.73"]
[White "Merriman, John"]
[Black "Jaunooby, Ali R"]
[Result "1-0"]
[WhiteElo "2222"]
[BlackElo "2252"]
[PlyCount "115"]
[EventDate "2020.02.09"]
[WhiteTeam "KJCA Kings"]
[BlackTeam "Manchester Manticores 1"]

1. d4 d5 2. c4 e6 3. Nc3 Nf6 4. Bg5 Be7 5. e3 O-O 6. Qc2 a6 7. Nf3 dxc4 8. Bxc4
b5 9. Bd3 h6 10. Bxf6 gxf6 11. Ne4 f5 12. Nc5 Nd7 13. Rd1 Nxc5 14. dxc5 Qd5 15.
b4 a5 16. e4 Qb7 17. a3 axb4 18. axb4 Ra4 19. Rb1 Bf6 20. O-O fxe4 21. Bxe4 Qa6
22. Qd2 Bg7 23. Qf4 Bb7 24. Bc2 Ra3 25. Qxc7 Bd5 26. Qf4 Qa8 27. Rfe1 Bxf3 28.
gxf3 Rxf3 29. Qe4 Qxe4 30. Bxe4 Rf4 31. Re2 Rd8 32. Rc1 Rd4 33. Bb7 Rd7 34. Bc6
Rc7 35. Bxb5 Rb7 36. Ba6 Rc7 37. Rec2 Rf5 38. Kf1 Kf8 39. Rd1 Be5 40. h3 Bf4
41. Rd4 Ke7 42. Bd3 Rf6 43. b5 Be3 44. Rdc4 Rd7 45. Be4 Rf4 46. Bc6 Rxc4 47.
Rxc4 Rd1+ 48. Ke2 Rc1 49. Rxc1 Bxc1 50. Kd3 Bf4 51. b6 Kd8 52. Bg2 Bh2 53. Bb7
f5 54. c6 Bd6 55. Ba6 e5 56. Kc4 e4 57. Kd5 Bb8 58. h4 1-0

[Event "4NCL Division 2b"]
[Site "Daventry, ENG"]
[Date "2020.02.09"]
[Round "6.74"]
[White "Hamer, Martyn"]
[Black "Golding, James"]
[Result "1-0"]
[WhiteElo "2125"]
[BlackElo "2075"]
[PlyCount "123"]
[EventDate "2020.02.09"]
[WhiteTeam "Manchester Manticores 1"]
[BlackTeam "KJCA Kings"]

1. d4 d5 2. Nc3 Nf6 3. Bf4 e6 4. Nb5 Na6 5. a3 c5 6. e3 c4 7. Nc3 Qa5 8. f3 b5
9. g4 Be7 10. Nge2 O-O 11. Bg2 Bb7 12. O-O Bc6 13. h3 Qb6 14. e4 Nc7 15. Kh2 a5
16. e5 Nd7 17. Bc1 b4 18. axb4 axb4 19. Rxa8 Rxa8 20. Nb1 Ra1 21. Nd2 Nb5 22.
c3 Qa5 23. Qc2 b3 24. Qd1 Nb6 25. f4 Be8 26. Nf3 Qa2 27. f5 Na4 28. Qd2 Rb1 29.
f6 Nxb2 30. Qg5 Bf8 31. fxg7 Bxg7 32. Nf4 h6 33. Qd8 Nc7 34. Qxc7 Nd3 35. Qd8
Qa4 36. Nxd3 cxd3 37. Be3 Rxf1 38. Bxf1 b2 39. Nd2 Qb5 40. Kg2 Kh7 41. Nb1 Bc6
42. Qe7 Kg8 43. Qb4 Qxb4 44. cxb4 Bb5 45. Bd2 f6 46. Bc3 fxe5 47. dxe5 Bf8 48.
Bxb2 Bxb4 49. Bc3 Bc5 50. Nd2 Be3 51. Kf3 Bg1 52. h4 Bc6 53. Kg3 Bb5 54. Nf3
Be3 55. Bh3 Kf7 56. g5 d4 57. Bb4 Bc6 58. gxh6 Kg6 59. Bxe6 Kxh6 60. Kg4 Be8
61. Bf5 Bh5+ 62. Kg3 1-0

[Event "4NCL Division 2b"]
[Site "Daventry, ENG"]
[Date "2020.02.09"]
[Round "6.75"]
[White "Bansal, Rohan"]
[Black "Webster, Richard J"]
[Result "1-0"]
[WhiteElo "2011"]
[BlackElo "2027"]
[PlyCount "63"]
[EventDate "2020.02.09"]
[WhiteTeam "KJCA Kings"]
[BlackTeam "Manchester Manticores 1"]

1. d4 d5 2. c4 e6 3. Nc3 Nf6 4. cxd5 exd5 5. Bg5 Nbd7 6. e3 c6 7. Bd3 Be7 8.
Qc2 h6 9. Bh4 O-O 10. Nge2 Re8 11. f3 c5 12. O-O cxd4 13. Nxd4 Bc5 14. Nxd5
Nxd5 15. Bxd8 Nxe3 16. Qa4 Nxf1 17. Kxf1 Rxd8 18. Nb3 Bb6 19. Re1 Nf6 20. Bc4
Bd7 21. Qb4 Rac8 22. Re7 Be8 23. a4 Rd1+ 24. Re1 Rxe1+ 25. Kxe1 Bc6 26. a5 Bg1
27. Kf1 Bxh2 28. Nd4 Nd5 29. Qb3 Rd8 30. Nf5 Kh7 31. Qd3 g6 32. Ne7 1-0

[Event "4NCL Division 2b"]
[Site "Daventry, ENG"]
[Date "2020.02.09"]
[Round "6.76"]
[White "Lyth, John D"]
[Black "Yoon, Jacob D"]
[Result "0-1"]
[WhiteElo "1997"]
[BlackElo "2091"]
[PlyCount "46"]
[EventDate "2020.02.09"]
[WhiteTeam "Manchester Manticores 1"]
[BlackTeam "KJCA Kings"]

1. d4 Nf6 2. Nf3 e6 3. e3 b6 4. Bd3 Bb7 5. Nbd2 c5 6. O-O d5 7. b3 Bd6 8. Bb2
O-O 9. Qe2 Ne4 10. c4 f5 11. Rfd1 Qe8 12. Ne5 Nc6 13. Rac1 cxd4 14. exd4 Nxe5
15. dxe5 Bc5 16. Rf1 Nxd2 17. Qxd2 dxc4 18. Be2 Qg6 19. g3 Qe8 20. Qf4 Qc6 21.
Bf3 Qxf3 22. Qxf3 Bxf3 23. Rxc4 Be2 0-1

[Event "4NCL Division 2b"]
[Site "Daventry, ENG"]
[Date "2020.02.09"]
[Round "6.77"]
[White "Merriman, James"]
[Black "Newton, Robert A"]
[Result "1-0"]
[WhiteElo "1885"]
[BlackElo "1960"]
[PlyCount "85"]
[EventDate "2020.02.09"]
[WhiteTeam "KJCA Kings"]
[BlackTeam "Manchester Manticores 1"]

1. d4 g6 2. c4 c5 3. d5 b5 4. a4 bxc4 5. e4 Bg7 6. Bxc4 d6 7. Nc3 Ba6 8. Nge2
Nd7 9. Ng3 h5 10. O-O Rb8 11. h3 Rb4 12. Qe2 h4 13. Nh1 Rh5 14. f4 Bd4+ 15. Nf2
Qa5 16. Ncd1 Nb6 17. Bd3 c4 18. Bc2 Nxd5 19. exd5 Qxd5 20. Bd2 Bb7 21. Be4 Qxe4
22. Qxe4 Bxe4 23. Bxb4 a5 24. Bc3 Bb6 25. Kh1 Bc6 26. Ng4 f5 27. Nge3 Nh6 28.
Nxc4 Ba7 29. Bxa5 g5 30. Bb6 Bb8 31. Na5 Ba8 32. Rc1 Kd7 33. fxg5 Rxg5 34. Rf2
f4 35. b4 e5 36. b5 Bd5 37. Nc3 Be6 38. Nc6 Rg8 39. Ne4 Rf8 40. Nxb8+ Rxb8 41.
Rc7+ Ke8 42. Nxd6+ Kf8 43. Rb7 1-0

[Event "4NCL Division 2b"]
[Site "Daventry, ENG"]
[Date "2020.02.09"]
[Round "6.78"]
[White "Hymer, Barry"]
[Black "Young, Daniel J"]
[Result "0-1"]
[WhiteElo "2027"]
[BlackElo "1947"]
[PlyCount "74"]
[EventDate "2020.02.09"]
[WhiteTeam "Manchester Manticores 1"]
[BlackTeam "KJCA Kings"]

1. e4 c5 2. Nf3 d6 3. d3 Nc6 4. Nbd2 g6 5. g3 Bg7 6. Bg2 e5 7. O-O Nge7 8. c3
O-O 9. a3 h6 10. b4 b6 11. Nb3 a6 12. Bb2 f5 13. Nh4 f4 14. d4 exd4 15. cxd4
cxb4 16. Rc1 Kh7 17. axb4 fxg3 18. hxg3 Nxb4 19. Qd2 a5 20. f4 Ba6 21. Rf3 d5
22. e5 Qd7 23. Kh2 Nf5 24. Bh3 Nxh4 25. gxh4 Rf5 26. Rg1 Rc8 27. Bc3 Qf7 28.
Bxb4 axb4 29. Bxf5 Qxf5 30. Rg2 h5 31. Rfg3 Bh6 32. Qxb4 Bxf4 33. Qe1 Bf1 34.
Kg1 Bxg2 35. Rxg2 Qd3 36. Nc5 Qxd4+ 37. Kh1 Rxc5 0-1

[Event "4NCL Division 2b"]
[Site "Daventry, ENG"]
[Date "2020.02.09"]
[Round "6.81"]
[White "Dicu, Dan-Alexandru"]
[Black "Gourlay, Iain"]
[Result "1-0"]
[WhiteElo "2106"]
[BlackElo "2341"]
[PlyCount "83"]
[EventDate "2020.02.09"]
[WhiteTeam "Grantham Sharks 2"]
[BlackTeam "Alba"]

1. e4 e5 2. Bc4 Nf6 3. Nc3 Nxe4 4. Qh5 Nd6 5. Bb3 Be7 6. Qxe5 O-O 7. Nge2 Ne8
8. d4 c6 9. Bf4 d5 10. O-O-O b5 11. g4 a5 12. a4 Nd7 13. Qe3 Nb6 14. h4 Nd6 15.
g5 bxa4 16. Nxa4 Nxa4 17. Bxa4 Nc4 18. Qc3 Bb4 19. Qg3 Qb6 20. b3 Ba3+ 21. Kb1
Nb2 22. Bc1 Re8 23. Bxb2 Bxb2 24. Kxb2 Rxe2 25. Rhe1 Rxe1 26. Rxe1 Qxd4+ 27.
Qc3 Qxc3+ 28. Kxc3 Be6 29. Kd4 c5+ 30. Kxc5 Rc8+ 31. Kb6 Rxc2 32. b4 Ra2 33.
Kxa5 d4 34. Re4 h6 35. Rxd4 hxg5 36. hxg5 Rxf2 37. b5 Rg2 38. g6 fxg6 39. b6
Rg5+ 40. Kb4 Rg2 41. Bb3 Rb2 42. Rd3 1-0

[Event "4NCL Division 2b"]
[Site "Daventry, ENG"]
[Date "2020.02.09"]
[Round "6.82"]
[White "McKay, Roderick M"]
[Black "Birtwistle, Nigel"]
[Result "1/2-1/2"]
[WhiteElo "2264"]
[BlackElo "2110"]
[PlyCount "25"]
[EventDate "2020.02.09"]
[WhiteTeam "Alba"]
[BlackTeam "Grantham Sharks 2"]

1. d3 d5 2. f4 Nf6 3. Nf3 g6 4. c3 c6 5. Be3 Bg7 6. Nbd2 Nbd7 7. Qc2 Qc7 8. g3
a5 9. Bg2 O-O 10. d4 Ng4 11. Bg1 f5 12. Ne5 Ndf6 13. c4 1/2-1/2

[Event "4NCL Division 2b"]
[Site "Daventry, ENG"]
[Date "2020.02.09"]
[Round "6.83"]
[White "Munshi, Aditya"]
[Black "Berry, Neil"]
[Result "1/2-1/2"]
[WhiteElo "2144"]
[BlackElo "2269"]
[PlyCount "58"]
[EventDate "2020.02.09"]
[WhiteTeam "Grantham Sharks 2"]
[BlackTeam "Alba"]

1. e4 e5 2. Nf3 Nc6 3. Bc4 Nf6 4. d3 Bc5 5. c3 a6 6. O-O d6 7. Nbd2 Ba7 8. Bb3
O-O 9. h3 h6 10. Re1 Re8 11. Nf1 Be6 12. Ng3 Bxb3 13. Qxb3 Qd7 14. Be3 Bxe3 15.
Rxe3 d5 16. exd5 Nxd5 17. Ree1 Nf4 18. Rad1 Qe6 19. Qxe6 Rxe6 20. Re4 g6 21.
Nxe5 Nxh3+ 22. gxh3 Rxe5 23. d4 Rxe4 24. Nxe4 Kg7 25. Kg2 Kf8 26. Kf3 a5 27.
Nc5 b6 28. Nd3 g5 29. Re1 Re8 1/2-1/2

[Event "4NCL Division 2b"]
[Site "Daventry, ENG"]
[Date "2020.02.09"]
[Round "6.84"]
[White "Findlay, David John"]
[Black "Varnam, Liam D"]
[Result "1/2-1/2"]
[WhiteElo "2169"]
[BlackElo "2076"]
[PlyCount "75"]
[EventDate "2020.02.09"]
[WhiteTeam "Alba"]
[BlackTeam "Grantham Sharks 2"]

1. e4 e5 2. Nc3 Nf6 3. g3 Bb4 4. Bg2 O-O 5. Nge2 c6 6. d4 d6 7. O-O Nbd7 8. a3
Ba5 9. h3 Re8 10. Be3 exd4 11. Bxd4 Bb6 12. Nf4 Ne5 13. b3 Bxd4 14. Qxd4 g5 15.
Nd3 Bxh3 16. Nxe5 Bxg2 17. Nxc6 bxc6 18. Kxg2 Qe7 19. Rfe1 Qe5 20. Qxe5 Rxe5
21. Rad1 Rc5 22. Rxd6 Rxc3 23. Rxf6 Rxc2 24. Rd1 Kg7 25. e5 Rc5 26. Rd7 Rf8 27.
Rxa7 Rxe5 28. Rxc6 Rd8 29. Rc2 Rd3 30. Rb7 h5 31. a4 h4 32. Rb5 Rxb5 33. axb5
Rxb3 34. Rc5 Kg6 35. g4 Rb4 36. Kh3 Rb3+ 37. Kg2 Rb4 38. Kh3 1/2-1/2

[Event "4NCL Division 2b"]
[Site "Daventry, ENG"]
[Date "2020.02.09"]
[Round "6.85"]
[White "Milson, Samuel A"]
[Black "Shafi, Declan"]
[Result "0-1"]
[WhiteElo "2115"]
[BlackElo "2151"]
[PlyCount "120"]
[EventDate "2020.02.09"]
[WhiteTeam "Grantham Sharks 2"]
[BlackTeam "Alba"]

1. e4 c5 2. Nc3 Nc6 3. f4 e6 4. Nf3 d5 5. exd5 exd5 6. Bb5 Nge7 7. Qe2 Bg4 8.
O-O Qd6 9. h3 Bxf3 10. Rxf3 O-O-O 11. Bxc6 Nxc6 12. Rf1 Nd4 13. Qd3 Qa6 14. b3
Qxd3 15. cxd3 g6 16. Bb2 Bg7 17. Rac1 Nc6 18. Ba3 b6 19. b4 cxb4 20. Bxb4 Kb7
21. Ba3 Bf8 22. Bxf8 Rhxf8 23. a3 Rfe8 24. Rfe1 Rxe1+ 25. Rxe1 Rd7 26. Kf2 Nd4
27. a4 Nc2 28. Re5 Kc6 29. Ke2 a6 30. Re8 Nb4 31. g4 Kd6 32. Ke3 Re7+ 33. Rxe7
Kxe7 34. Kd4 Kd6 35. Ne2 Nc2+ 36. Kc3 Ne1 37. d4 Ng2 38. Kb4 h6 39. Kc3 Ke6 40.
Kb4 g5 41. f5+ Kd6 42. a5 Nf4 43. Ng1 Kc6 44. Nf3 f6 45. h4 Nd3+ 46. Kb3 bxa5
47. hxg5 hxg5 48. Ka4 Nf2 49. Nh2 Kb6 50. d3 Nxd3 51. Nf1 Nb2+ 52. Kb3 Nc4 53.
Ka4 Kc6 54. Nh2 Nd2 55. Ka3 Kb5 56. Kb2 Kc4 57. Kc2 Nb3 58. Nf1 Nxd4+ 59. Kd2
Nf3+ 60. Ke3 Ne5 0-1

[Event "4NCL Division 2b"]
[Site "Daventry, ENG"]
[Date "2020.02.09"]
[Round "6.86"]
[White "White, Stuart A"]
[Black "Cumbers, Paul"]
[Result "0-1"]
[WhiteElo "2106"]
[BlackElo "2087"]
[PlyCount "116"]
[EventDate "2020.02.09"]
[WhiteTeam "Alba"]
[BlackTeam "Grantham Sharks 2"]

1. d4 Nf6 2. c4 c5 3. d5 e6 4. Nc3 exd5 5. cxd5 d6 6. e4 g6 7. f4 Bg7 8. Bb5+
Nfd7 9. Be2 O-O 10. Nf3 Na6 11. O-O Nc7 12. a4 b6 13. f5 Ne5 14. Qe1 Ne8 15.
Qg3 Nxf3+ 16. gxf3 Kh8 17. fxg6 fxg6 18. Kh1 a6 19. Bd2 Bd7 20. Rae1 Qb8 21. f4
b5 22. axb5 axb5 23. f5 gxf5 24. exf5 b4 25. Ne4 Bxf5 26. Ng5 Ra7 27. Qh4 Bg6
28. Rxf8+ Bxf8 29. Ne6 Rf7 30. Nxf8 Rxf8 31. Bg5 Qb7 32. Bc4 Qf7 33. Rf1 Qg7
34. Rxf8+ Qxf8 35. Kg2 Qf5 36. b3 Qe4+ 37. Kf2 Qxh4+ 38. Bxh4 Kg7 39. Bg3 Kf7
40. Bb5 Nf6 41. Bf4 Be4 42. Bc4 Bxd5 43. Bxd5+ Nxd5 44. Bxd6 Nf6 45. Kf3 Nd7
46. Kg4 Ke6 47. Bf4 Kd5 48. Kg5 Kd4 49. Kh6 Kc3 50. Kxh7 Kxb3 51. h4 Kc2 52.
Bh6 b3 53. Bg7 c4 54. h5 c3 55. h6 b2 56. Kg6 b1=Q 57. h7 Kb3+ 58. Kh6 c2 0-1

[Event "4NCL Division 2b"]
[Site "Daventry, ENG"]
[Date "2020.02.09"]
[Round "6.87"]
[White "McCarthy, Kevin C"]
[Black "Grassie, Duncan"]
[Result "1-0"]
[WhiteElo "1997"]
[BlackElo "2079"]
[PlyCount "65"]
[EventDate "2020.02.09"]
[WhiteTeam "Grantham Sharks 2"]
[BlackTeam "Alba"]

1. d4 Nf6 2. Nc3 d5 3. e4 dxe4 4. f3 exf3 5. Nxf3 g6 6. Bc4 Bg7 7. Bf4 c6 8.
Qd2 b5 9. Bd3 Nbd7 10. d5 Nxd5 11. Nxd5 cxd5 12. Bxb5 Bb7 13. Ne5 Bxe5 14. Bxe5
O-O 15. Bf4 a6 16. Bd3 Qb6 17. Be3 d4 18. Bh6 Qe6+ 19. Be2 Rfd8 20. O-O Nf6 21.
Rae1 Qxa2 22. Qb4 Rd7 23. Bc4 Nd5 24. Qxb7 Rxb7 25. Bxa2 Nf6 26. Bc4 Rc7 27. b3
a5 28. Bf4 Rd7 29. Bb5 Rda7 30. Be5 Rc8 31. Bxd4 Rac7 32. c4 Ne8 33. Bb6 1-0

[Event "4NCL Division 2b"]
[Site "Daventry, ENG"]
[Date "2020.02.09"]
[Round "6.88"]
[White "Roy, Ali"]
[Black "Taylor, Robert K"]
[Result "1-0"]
[WhiteElo "1871"]
[BlackElo "1951"]
[PlyCount "105"]
[EventDate "2020.02.09"]
[WhiteTeam "Alba"]
[BlackTeam "Grantham Sharks 2"]

1. Nf3 d5 2. g3 Nc6 3. Bg2 e5 4. d3 Nge7 5. O-O g6 6. Nbd2 Bg7 7. c4 O-O 8. Rb1
h6 9. b4 Re8 10. a3 Be6 11. Bb2 Qd7 12. Qc2 Nd4 13. Nxd4 exd4 14. Rbc1 Rac8 15.
Nb3 Nf5 16. Nc5 Qc6 17. Qb3 Ne7 18. Rfe1 b6 19. Nxe6 Qxe6 20. cxd5 Qd7 21. Qc4
Qa4 22. Bxd4 Bxd4 23. Qxd4 Qxa3 24. Ra1 Nf5 25. Qc4 Qb2 26. Ra2 Qd4 27. Rxa7 b5
28. Qxd4 Nxd4 29. e3 Kg7 30. g4 Kf6 31. Kf1 Nc2 32. Rb1 Ra8 33. Rxc7 Ra2 34.
Be4 Rb8 35. d4 Na3 36. Ra7 Nxb1 37. Rxa2 Nc3 38. Ra6+ Kg5 39. Bf3 f5 40. gxf5
gxf5 41. Bg2 h5 42. d6 Rd8 43. Rc6 Na2 44. Rc5 Rxd6 45. Rxb5 h4 46. Bh3 Rf6 47.
e4 Kf4 48. Rxf5+ Rxf5 49. Bxf5 Nxb4 50. Ke2 Nc2 51. d5 h3 52. d6 Ke5 53. d7 1-0

[Event "4NCL 3 South pool A"]
[Site "Maidenhead, ENG"]
[Date "2019.11.09"]
[Round "1.11"]
[White "Lukosius, Rolandas"]
[Black "Madden, Paul"]
[Result "1/2-1/2"]
[WhiteElo "2115"]
[BlackElo "2125"]
[PlyCount "76"]
[EventDate "2019.11.09"]
[WhiteTeam "Wessex A"]
[BlackTeam "Ashfield 1"]

1. d4 Nf6 2. c4 g6 3. Nc3 d5 4. cxd5 Nxd5 5. e4 Nxc3 6. bxc3 Bg7 7. Nf3 c5 8.
Rb1 O-O 9. Be2 Nc6 10. d5 Na5 11. c4 Bg4 12. Bb2 Bxb2 13. Rxb2 Bxf3 14. gxf3 e5
15. h4 Qf6 16. h5 b6 17. Qc1 g5 18. h6 Kh8 19. Kd2 Qf4+ 20. Kc2 Qxc1+ 21. Kxc1
Nb7 22. Kd2 Nd6 23. a4 f5 24. Ke3 Rf6 25. Bd3 fxe4 26. fxe4 Nf7 27. a5 Nxh6 28.
Be2 Kg7 29. Ra1 Raf8 30. axb6 axb6 31. Ra6 Rxf2 32. Rbxb6 R2f6 33. Bh5 Rxb6 34.
Rxb6 g4 35. d6 Rd8 36. Kf2 Kf8 37. Kg3 Nf7 38. Bxf7 Kxf7 1/2-1/2

[Event "4NCL 3 South pool A"]
[Site "Maidenhead, ENG"]
[Date "2019.11.09"]
[Round "1.12"]
[White "Jarvis, Derek A"]
[Black "Gill, Oliver"]
[Result "0-1"]
[WhiteElo "1997"]
[BlackElo "2109"]
[PlyCount "112"]
[EventDate "2019.11.09"]
[WhiteTeam "Ashfield 1"]
[BlackTeam "Wessex A"]

1. e4 d5 2. exd5 Qxd5 3. Nc3 Qa5 4. d4 Nf6 5. Nf3 c6 6. Bc4 Bf5 7. Bd2 e6 8.
Nd5 Qd8 9. Nxf6+ gxf6 10. O-O Nd7 11. Re1 Nb6 12. Bb3 Bd6 13. Nh4 Bg6 14. Qg4
Qd7 15. Rxe6+ fxe6 16. Bxe6 Qe7 17. Re1 Kd8 18. Bb3 Qd7 19. Be6 Qe7 20. Bb3 Qf8
21. Re6 Nc8 22. Qf3 f5 23. Ba5+ Kd7 24. d5 b6 25. Bc3 Rg8 26. dxc6+ Kc7 27. Rf6
Qd8 28. Nxf5 Rf8 29. Ng7 Re8 30. Nxe8+ Qxe8 31. Bf7 Qe4 32. Bxg6 Qxf3 33. gxf3
hxg6 34. Rxg6 Ne7 35. Rg7 Kxc6 36. Kg2 Nd5 37. Bd2 a5 38. a3 Re8 39. Kf1 Bxh2
40. c4 Nc7 41. b4 a4 42. Rg6+ Re6 43. Rg5 Bd6 44. Bc3 Be7 45. Rg4 b5 46. Bb2
Bf6 47. Bxf6 Rxf6 48. Ke2 Rd6 49. Rg5 bxc4 50. Rc5+ Kb6 51. Rxc4 Nb5 52. Rc1
Rc6 53. Rg1 Nxa3 54. f4 Nc2 55. Kd2 a3 56. Kc1 a2 0-1

[Event "4NCL 3 South pool A"]
[Site "Maidenhead, ENG"]
[Date "2019.11.09"]
[Round "1.13"]
[White "Wilson, Jaimie"]
[Black "Combie, Alex B"]
[Result "1-0"]
[WhiteElo "2097"]
[BlackElo "1982"]
[PlyCount "103"]
[EventDate "2019.11.09"]
[WhiteTeam "Wessex A"]
[BlackTeam "Ashfield 1"]

1. c4 Nf6 2. Nf3 g6 3. Nc3 Bg7 4. e4 d6 5. d4 O-O 6. Be2 e5 7. d5 a5 8. Bg5 h6
9. Bh4 Na6 10. Qc2 Qe8 11. Nd2 Nh7 12. f3 Bd7 13. a3 a4 14. Nb5 Bxb5 15. cxb5
Nc5 16. Bf2 b6 17. Bxc5 bxc5 18. O-O Qb8 19. Qc4 Nf6 20. Qc2 Nd7 21. Nc4 Nb6
22. Nxb6 Qxb6 23. Bc4 Qb8 24. b4 axb3 25. Qxb3 Qb6 26. a4 f5 27. Qc3 Ra5 28.
Ra3 fxe4 29. fxe4 Rxf1+ 30. Kxf1 Qa7 31. Qc2 Qa8 32. Ra2 Qf8+ 33. Qf2 Qf4 34.
Qxf4 exf4 35. Ke2 Bd4 36. Kf3 g5 37. Kg4 Bc3 38. Rc2 Bb4 39. Bb3 Ra8 40. e5 Rf8
41. exd6 cxd6 42. Re2 f3 43. gxf3 Rf4+ 44. Kg3 Rd4 45. b6 Ba5 46. b7 Bc7 47.
Re7 Bb8 48. Re8+ Kf7 49. Rxb8 Rb4 50. Rh8 Rxb3 51. b8=Q Rxb8 52. Rxb8 1-0

[Event "4NCL 3 South pool A"]
[Site "Maidenhead, ENG"]
[Date "2019.11.09"]
[Round "1.14"]
[White "Truman, Richard G"]
[Black "Cleary, Mark"]
[Result "1/2-1/2"]
[WhiteElo "1990"]
[BlackElo "2059"]
[PlyCount "97"]
[EventDate "2019.11.09"]
[WhiteTeam "Ashfield 1"]
[BlackTeam "Wessex A"]

1. d4 f5 2. Bg5 g6 3. Nd2 Bg7 4. e3 Nf6 5. Ngf3 O-O 6. Bd3 d5 7. c4 c6 8. Qb3
b6 9. Ne5 Be6 10. O-O Ne4 11. Ndf3 h6 12. Bh4 Bxe5 13. dxe5 g5 14. Bxe4 dxe4
15. Nd4 Qc8 16. Bg3 c5 17. Nxe6 Qxe6 18. f4 Nc6 19. Qc3 Nb4 20. Rfd1 Rad8 21.
b3 Nd3 22. Qc2 Qg6 23. Qe2 Rf7 24. a4 a5 25. Ra2 e6 26. Rad2 Rfd7 27. h4 Kh7
28. hxg5 hxg5 29. fxg5 Qxg5 30. Bf4 Qg6 31. g3 Kg8 32. Qg2 Rh7 33. Qe2 Rdd7 34.
Rxd3 exd3 35. Rxd3 Qg4 36. Qxg4+ fxg4 37. Rd6 Rhe7 38. Kg2 Kf7 39. Kf2 Rb7 40.
e4 Re8 41. Bg5 Rh8 42. Kg2 Rc8 43. Kf2 Rh8 44. Kg2 Rh5 45. Bf6 Rh6 46. Bg5 Rh5
47. Bf6 Rh6 48. Bg5 Rh5 49. Bf6 1/2-1/2

[Event "4NCL 3 South pool A"]
[Site "Maidenhead, ENG"]
[Date "2019.11.09"]
[Round "1.15"]
[White "Cooper, Paul F"]
[Black "Garnett, John S"]
[Result "1/2-1/2"]
[WhiteElo "2080"]
[BlackElo "1967"]
[PlyCount "49"]
[EventDate "2019.11.09"]
[WhiteTeam "Wessex A"]
[BlackTeam "Ashfield 1"]

1. d4 Nf6 2. c4 e5 3. dxe5 Ng4 4. Bf4 Nc6 5. Nf3 Bb4+ 6. Nbd2 Qe7 7. e3 Ngxe5
8. Nxe5 Nxe5 9. Be2 O-O 10. O-O Ng6 11. Bg3 Bd6 12. Bxd6 Qxd6 13. Qc2 Qe7 14.
Nf3 b6 15. Nd4 Bb7 16. Bd3 Rfe8 17. Rae1 Be4 18. f3 Bxd3 19. Qxd3 Rad8 20. b3
Qc5 21. Rc1 Qe5 22. Rfe1 c5 23. Nb5 d5 24. f4 Qe4 25. Qxe4 1/2-1/2

[Event "4NCL 3 South pool A"]
[Site "Maidenhead, ENG"]
[Date "2019.11.09"]
[Round "1.16"]
[White "Walker, Andrew N"]
[Black "Mcleod, Fraser"]
[Result "1/2-1/2"]
[WhiteElo "1960"]
[BlackElo "2041"]
[PlyCount "54"]
[EventDate "2019.11.09"]
[WhiteTeam "Ashfield 1"]
[BlackTeam "Wessex A"]

1. e4 c5 2. Nc3 d6 3. g3 Nc6 4. Bg2 g6 5. d3 Bg7 6. Be3 Rb8 7. Qd2 b5 8. Nge2
Bd7 9. O-O Qc8 10. Nd1 Bh3 11. f4 Bxg2 12. Kxg2 f5 13. exf5 Qxf5 14. c3 Nf6 15.
Bf2 Qd5+ 16. Kg1 Ne4 17. Qe3 Nxf2 18. Nxf2 O-O 19. Qe4 Qxe4 20. Nxe4 b4 21.
Rad1 bxc3 22. bxc3 Rb2 23. Rd2 Rfb8 24. Rfd1 h6 25. Kf2 Kf7 26. Rxb2 Rxb2 27.
Rd2 Rb1 1/2-1/2

[Event "4NCL 3 South pool A"]
[Site "Maidenhead, ENG"]
[Date "2019.11.09"]
[Round "1.22"]
[White "Ratnesan, Ranesh"]
[Black "Jones, Christopher M"]
[Result "1-0"]
[WhiteElo "2180"]
[BlackElo "2124"]
[PlyCount "93"]
[EventDate "2019.11.09"]
[WhiteTeam "Surbiton"]
[BlackTeam "The Rookies"]

1. d4 f5 2. c4 Nf6 3. Nf3 d6 4. Nc3 e6 5. g3 Be7 6. Bg2 O-O 7. O-O Nc6 8. d5
exd5 9. cxd5 Ne5 10. Nd4 Qe8 11. f4 Neg4 12. h3 Nh6 13. Bf3 Qg6 14. Kh2 Ne4 15.
Rg1 Bf6 16. e3 Qe8 17. Qc2 Bxd4 18. exd4 Nxc3 19. Qxc3 Qd8 20. Bd2 Bd7 21. Rge1
Kh8 22. Rac1 Rc8 23. Qb3 b6 24. Be2 c5 25. dxc6 Rxc6 26. Bf3 Rxc1 27. Rxc1 Qf6
28. Rc7 Be8 29. Rxa7 Qxd4 30. Be3 Qf6 31. Qxb6 Bf7 32. Qd4 Qe6 33. b4 Rc8 34.
Qd2 Re8 35. Bd4 Qc4 36. a4 Qb3 37. Bg2 Rc8 38. Ra8 Rxa8 39. Bxa8 Qxa4 40. Bg2
Qd7 41. Qc3 Be6 42. b5 Nf7 43. b6 Nd8 44. Qc7 Nc6 45. Qxd7 Bxd7 46. b7 Nb8 47.
Ba7 1-0

[Event "4NCL 3 South pool A"]
[Site "Maidenhead, ENG"]
[Date "2019.11.09"]
[Round "1.23"]
[White "Compton, Alistair"]
[Black "Seymour, Timothy P"]
[Result "0-1"]
[WhiteElo "2026"]
[BlackElo "2099"]
[PlyCount "84"]
[EventDate "2019.11.09"]
[WhiteTeam "The Rookies"]
[BlackTeam "Surbiton"]

1. e4 e5 2. Nf3 Nc6 3. Bb5 g6 4. c3 a6 5. Ba4 Bg7 6. d4 exd4 7. cxd4 b5 8. Bb3
Nge7 9. Nc3 O-O 10. O-O Na5 11. Bc2 d6 12. h3 c5 13. Bf4 cxd4 14. Nxd4 Bb7 15.
Nde2 Nc4 16. Bb3 Nxb2 17. Qxd6 Nd3 18. Rad1 Nxf4 19. Qxf4 Qb8 20. Qh4 $11 Qe5
21. Rd7 Bf6 22. Qg3 Qxg3 23. fxg3 Bc6 24. Rc7 Bg5 25. h4 Rac8 26. Rxc8 Be3+ 27.
Kh2 Nxc8 28. Rf6 Bb7 29. g4 Bc5 30. g5 Bd6+ 31. g3 Kg7 32. Rf1 Nb6 33. Nf4 Be5
34. Ncd5 Nc4 35. h5 Nd2 36. h6+ Kh8 37. Rf2 Nxe4 38. Re2 Nxg5 39. Kg2 Bxf4 40.
gxf4 Ne6 41. Kg3 Nd4 42. Re7 Nf5+ 0-1

[Event "4NCL 3 South pool A"]
[Site "Maidenhead, ENG"]
[Date "2019.11.09"]
[Round "1.24"]
[White "Shepherd, Paul D"]
[Black "Piper, Stephen J"]
[Result "1-0"]
[WhiteElo "2101"]
[BlackElo "2056"]
[PlyCount "45"]
[EventDate "2019.11.09"]
[WhiteTeam "Surbiton"]
[BlackTeam "The Rookies"]

1. e4 g6 2. d4 d6 3. Nc3 a6 4. Be3 Nf6 5. Qd2 b5 6. f3 h6 7. a4 b4 8. Nd1 a5 9.
c3 bxc3 10. bxc3 Bg7 11. Bd3 Na6 12. Ne2 Kf8 13. O-O c5 14. Nf2 cxd4 15. cxd4
Nb4 16. Bb5 Bd7 17. Nc3 Kg8 18. Nd3 Nc6 19. Rab1 Ne8 20. Ne2 Kh7 21. Rfc1 Nb8
22. d5 Nc7 23. Bb6 1-0

[Event "4NCL 3 South pool A"]
[Site "Maidenhead, ENG"]
[Date "2019.11.09"]
[Round "1.25"]
[White "Jaszkiwskyj, Peter"]
[Black "Way, Julian M"]
[Result "1/2-1/2"]
[WhiteElo "1946"]
[BlackElo "1967"]
[PlyCount "114"]
[EventDate "2019.11.09"]
[WhiteTeam "The Rookies"]
[BlackTeam "Surbiton"]

1. d4 Nf6 2. c4 g6 3. Nf3 Bg7 4. Nc3 O-O 5. g3 d6 6. Bg2 c6 7. O-O Qa5 8. e4 e5
9. d5 cxd5 10. cxd5 Bg4 11. Qb3 Na6 12. Be3 Rfc8 13. Nd2 Nc5 14. Qc2 Qd8 15. b4
Na6 16. Qb3 Qd7 17. Rfc1 h5 18. Nf3 Bxf3 19. Bxf3 Ng4 20. Nd1 Nxe3 21. Nxe3 Bh6
22. a3 Kg7 23. h4 Rc7 24. Rxc7 Qxc7 25. Be2 Bxe3 26. Qxe3 Rc8 27. Qxa7 Nb8 28.
Qe3 Nd7 29. Kg2 Qc2 30. Qd3 Nf6 31. Qxc2 Rxc2 32. Bf3 Rc3 33. Ra2 Kf8 34. a4
Rb3 35. b5 Ke7 36. a5 Rxb5 37. a6 bxa6 38. Rxa6 Rb7 39. Ra4 Nd7 40. Rc4 Nc5 41.
Rc2 Rb4 42. Ra2 Rb7 43. Kf1 Kf6 44. Kg2 Kg7 45. Kf1 Kh6 46. Kg2 f6 47. Kh3 Rb3
48. Bg2 g5 49. f3 Kg6 50. Ra8 Nd3 51. hxg5 Kxg5 52. Rg8+ Kh6 53. Rd8 Rb6 54.
Ra8 Ne1 55. Ra1 Nc2 56. Ra2 Nd4 57. Ra3 Kg6 1/2-1/2